000 00838nam a2200265Ia 4500
003 OSt
005 20220930072651.0
006 a|||||r|||| 00| 0
007 ta
008 220926b |||||||| |||| 00| 0 eng d
024 _a24739
037 _cTheses
040 _aCRL
_cCRL
_beng
041 _2eng
_aeng
100 _aSrivastava Avinash
_9530239
110 _aUniversity of Delhi. Faculty of Medical Sciences. Department of Surgery
245 0 _aStudy the incidence of portal hypertension in cases of obstructive jaundice
260 _c1998
300 _a80p.
_ap.
_ccm.
650 _aSURGERY
700 _a Dr V J Anand Supervisor
_9520868
700 _aUniversity of Delhi. Faculty of Medical Sciences. Department of Surgery
942 _cDIS
_2CC
999 _c864174
_d864174